| 000 | 00617cam a2200193u 4500 | ||
|---|---|---|---|
| 001 | 000013632 | ||
| 003 | DO-SdBNP | ||
| 005 | 20250707113117.0 | ||
| 008 | 811117m19469999mx 000 0 spa | ||
| 040 |
_aDO-SdBNP _cspa _dBNPHU |
||
| 050 | 0 | 0 |
_aHB501 _b.M3664 1946 |
| 100 | 1 |
_aMarx, Karl, _d1818-1883 _930439 |
|
| 240 | 1 | 4 | _aDas kapital. Spanish [from old catalog] |
| 245 | 0 | 3 |
_aEl capital : _bel proceso de produccion de capital /. |
| 260 |
_aMéxico, : _bFondo de cultura económica, _c[1946-. |
||
| 300 |
_av. ; _c24 cm. |
||
| 700 | 2 |
_aRoces Suárez, Wenceslao, [from old catalog] _etr. _931042 |
|
| 942 |
_2ddc _cLBS1 |
||
| 999 |
_c13246 _d13246 |
||